书目信息 |
| 题名: |
学前卫生学
|
|
| 作者: | 郑振芬 主编 | |
| 分册: | ||
| 出版信息: | 沈阳 辽宁大学出版社 2013 |
|
| 页数: | 234页 | |
| 开本: | 26cm | |
| 丛书名: | ||
| 单 册: | ||
| 中图分类: | R179 | |
| 科图分类: | ||
| 主题词: | 学前儿童--儿童少年卫生--高等教育--教材 , 学前儿童 , 儿童少年卫生 | |
| 电子资源: | ||
| ISBN: | 978-7-5610-7376-6 | |
| 000 | 01042nam0 2200289 450 | |
| 001 | 012015000004 | |
| 005 | 20151210163752.79 | |
| 010 | @a978-7-5610-7376-6@dCNY28.00 | |
| 100 | @a20140429d2013 em y0chiy50 ea | |
| 101 | 0 | @achi |
| 102 | @aCN@b210000 | |
| 105 | @aa z 000yy | |
| 106 | @ar | |
| 200 | 1 | @a学前卫生学@Axue qian wei sheng xue@f郑振芬主编 |
| 210 | @a沈阳@c辽宁大学出版社@d2013 | |
| 215 | @a234页@c图@d26cm | |
| 300 | @a普通高等教育“十二五”规划教材 高等师范院校学前教育专业规划教材 | |
| 312 | @a封面英文题名:Preschool hygienics | |
| 330 | @a本书介绍了学前儿童生理解剖特点、生长发育规律,分析了影响学前儿童身心发育的因素,并对学前儿童常见的身心疾病、意外伤害的防护等提出了良好的建议,还对学前儿童集体保健工作进行了阐述。 | |
| 510 | 1 | @aPreschool hygienics@zeng |
| 606 | 0 | @a学前儿童@x儿童少年卫生@x高等教育@j教材 |
| 606 | 0 | @a学前儿童 |
| 606 | 0 | @a儿童少年卫生 |
| 690 | @aR179@v5 | |
| 701 | 0 | @a郑振芬@Azheng zhen fen@c(学前教育)@4主编 |
| 801 | 0 | @aCN@b碧洲教育@c20151129 |
| 905 | @a10447@f3@dR179@e223 | |
| 学前卫生学/郑振芬主编.-沈阳:辽宁大学出版社,2013 |
| 234页:图;26cm |
| 普通高等教育“十二五”规划教材 高等师范院校学前教育专业规划教材 |
| ISBN 978-7-5610-7376-6:CNY28.00 |
| 本书介绍了学前儿童生理解剖特点、生长发育规律,分析了影响学前儿童身心发育的因素,并对学前儿童常见的身心疾病、意外伤害的防护等提出了良好的建议,还对学前儿童集体保健工作进行了阐述。 |
| ● |
| 相关链接 |
|
|
|
|
正题名:学前卫生学
索取号:R179/223
 
预约/预借
| 序号 | 登录号 | 条形码 | 馆藏地/架位号 | 状态 | 备注 |
| 1 | 0872429 | 208724291 | 第二样本阅览室/ [索取号:R179/223] | 在馆 | |
| 2 | 0872430 | 208724308 | 教育系资料室/ [索取号:R179/223] | 在馆 | |
| 3 | 0872431 | 208724317 | 教育系资料室/ [索取号:R179/223] | 在馆 |